Sports Quiz

Random Sports or NFL Quiz

Sack Masters: 12+ Sacks In A Season Since 2000 Quiz Stats

 Plays Quiz Updated Feb 1, 2018

Challenge
Share
Tweet
Embed
Score 0/142 Timer 10:00
3 Plays Today
Sacks Players % Correct
20.5J.J. Watt
93.4%
20.5J.J. Watt
93.4%
17.5J.J. Watt
93.4%
22.5Michael Strahan
88.9%
18.5Michael Strahan
88.9%
18.5Von Miller
81.7%
14Von Miller
81.7%
13.5Von Miller
81.7%
13Jamir Miller
79.8%
20DeMarcus Ware
77.4%
19.5DeMarcus Ware
77.4%
15.5DeMarcus Ware
77.4%
14DeMarcus Ware
77.4%
22Jared Allen
74.2%
19.5Aldon Smith
74.2%
15.5Jared Allen
74.2%
14Aldon Smith
74.2%
14.5Jared Allen
74.2%
14.5Jared Allen
74.2%
12Jared Allen
74.2%
13Will Smith
73.8%
22Justin Houston
71%
18.5Jason Taylor
68.1%
14.5Jason Taylor
68.1%
13.5Jason Taylor
68.1%
13Jason Taylor
68.1%
12Jason Taylor
68.1%
14Terrell Suggs
65.8%
12Terrell Suggs
65.8%
12Terrell Suggs
65.8%
16Dwight Freeney
65.3%
13.5Dwight Freeney
65.3%
13Dwight Freeney
65.3%
17Chandler Jones
61%
16James Harrison
61%
14.5Julius Peppers
60.6%
13Julius Peppers
60.6%
12Julius Peppers
60.6%
12.5Jason Pierre-Paul
59.2%
16.5Jason Pierre-Paul
57.6%
14.5Mario Williams
57.6%
14Mario Williams
57.6%
13Mario Williams
57.6%
12Mario Williams
57.6%
19.5Robert Mathis
55.9%
12.5Charles Johnson
53.8%
12Joe Johnson
53.7%
13.5Clay Matthews
51.7%
Sacks Players % Correct
13Clay Matthews
51.7%
12.5Chandler Jones
50.9%
15Khalil Mack
50.7%
13Marcus Jones
50.6%
16.5Warren Sapp
49%
14.5Calais Campbell
47.3%
15Cameron Wake
44.2%
14Cameron Wake
44.2%
14.5Tamba Hali
42.4%
12Tamba Hali
42.4%
19Robert Quinn
40.3%
17Elvis Dumervil
39.2%
17Elvis Dumervil
39.2%
12.5Elvis Dumervil
39.2%
12Justin Tuck
37%
13Cameron Jordan
35.7%
14.5DeMarcus Lawrence
35.6%
15.5Vic Beasley
35.2%
12Ezekiel Ansah
34.2%
12.5Joey Bosa
33.7%
13Chris Long
31.7%
17Shawne Merriman
31.3%
12.5Shawne Merriman
31.3%
13Everson Griffen
30.4%
13Ryan Kerrigan
30.3%
14.5Ezekiel Ansah
30%
12.5Geno Atkins
28.1%
13.5Ryan Kerrigan
25.5%
15.5Simeon Rice
25%
15Simeon Rice
25%
14Simeon Rice
25%
12Simeon Rice
25%
12.5Cameron Jordan
24.4%
16.5John Abraham
23.2%
13John Abraham
23.2%
13John Abraham
23.2%
14.5Osi Umenyiora
23%
13Osi Umenyiora
23%
12Cameron Heyward
21.7%
12.5Trent Cole
21.5%
12.5Trent Cole
21.5%
14.5Connor Barwin
21.1%
12Muhammad Wilkerson
21%
17.5Joey Porter
19.3%
12Everson Griffen
19.3%
13.5Carlos Dunlap
19%
18Jason Babin
18.3%
12.5Jason Babin
18.3%
Sacks Players % Correct
15Greg Hardy
16.3%
12Whitney Mercilus
15.3%
13.5Kabeer Gbaja-Biamila
14.2%
13.5Kabeer Gbaja-Biamila
14.2%
12Kabeer Gbaja-Biamila
14.2%
13.5Lamarr Woodley
14.2%
12Yannick Ngakoue
14%
12.5Danielle Hunter
13.5%
12.5Lorenzo Alexander
13.3%
12Mark Anderson
12.4%
12.5Andre Carter
10.7%
15Peter Boulware
10.4%
17La'Roi Glover
10.3%
14.5Leonard Little
9.7%
13Leonard Little
9.7%
12.5Leonard Little
9.7%
12Leonard Little
9.7%
15Hugh Douglas
8.7%
12.5Hugh Douglas
8.7%
12.5Greg Ellis
8.1%
12.5Shaun Ellis
8.1%
12.5Mike Vrabel
7.8%
15.5Aaron Kampman
7.8%
12.5Markus Golden
7.8%
12Aaron Kampman
7.8%
14.5Patrick Kerney
6.5%
13Patrick Kerney
6.5%
12Patrick Kerney
6.5%
16Derrick Burgess
6.1%
12.5Kyle Vanden Bosch
5%
12Kyle Vanden Bosch
5%
14.5Bertrand Berry
4.4%
13.5Jason Gildon
4.4%
12Jason Gildon
4.4%
16.5Trace Armstrong
4.4%
15Adewale Ogunleye
4.3%
14Aaron Schobel
4.2%
12Aaron Schobel
4.2%
12Mike Rucker
4.1%
12Junior Galette
3.9%
13Trevor Pryce
3.9%
12Trevor Pryce
3.9%
13Marcellus Wiley
3.5%
13.5Charlie Clemons
3.2%
14Eric Hicks
2.7%
12Marco Coleman
2.6%

You're not logged in!

Compare scores with friends on all Sporcle quizzes.
OR
Log In

You Might Also Like...

Show Comments

Extras

Top Quizzes Today


Score Distribution

Your Account Isn't Verified!

In order to create a playlist on Sporcle, you need to verify the email address you used during registration. Go to your Sporcle Settings to finish the process.

Report this User

Report this user for behavior that violates our Community Guidelines.

Details: